Men's ITU World Triathlon Series Champions - Statistics

General Stats
  • This quiz has been taken 30 times
    22 since last reset
  • The average score is 6 of 42
Answer Stats
Country Answer % Correct
UK Alistair Brownlee
94%
UK Jonathan Brownlee
94%
Spain Javier Gómez
75%
France Vincent Luis
63%
Spain Mario Mola
56%
New Zealand Bevan Docherty
25%
Norway Kristian Blummenfelt
25%
Australia Chris McCormack
19%
New Zealand Hamish Carter
19%
USA Mark Allen
19%
UK Simon Lessing
19%
UK Spencer Smith
19%
UK Tim Don
19%
Russia Dmitry Polyanskiy
13%
Australia Brad Beven
6%
Germany Daniel Unger
6%
Spain Fernando Alarza
6%
UK Glenn Cook
6%
Australia Greg Welch
6%
Belgium Luc Van Lierde
6%
Australia Peter Robertson
6%
Germany Rainer Müller-Hörner
6%
New Zealand Rick Wells
6%
Germany Steffen Justus
6%
UK Andrew Johns
0%
Australia Brad Kahlefeldt
0%
Australia Chris Hill
0%
Australia Craig Walton
0%
New Zealand Craig Watson
0%
Kazakhstan Dmitriy Gaag
0%
France Frédéric Belaubre
0%
Spain Iván Raña
0%
Brazil Leandro Macedo
0%
Germany Maik Petzold
0%
USA Mike Pigg
0%
Australia Miles Stewart
0%
France/Switzerland Olivier Marceau
0%
New Zealand Paul Amey
0%
Germany Ralf Eggert
0%
Switzerland Reto Hug
0%
Netherlands Rob Barel
0%
Australia Stephen Foster
0%
No matching quizzes found
Score Distribution
Percent of People with Each Score
Percentile by Number Answered
Your Score History
You have not taken this quiz since the last reset